[Event "ODJM A 2016"]
[Site "Willingen GER"]
[Date "2016.05.16"]
[Round "3"]
[White "Sinnhöfer, Jonas"]
[Black "Riegel, Arinna"]
[Result "1-0"]
[Termination "normal"]
[Board "46"]
[WhiteElo "1785"]
[BlackElo "1695"]
[PlyCount "101"]
[WhiteFideId "12982938"]
[BlackFideId "12931446"]
[EventCountry "GER"]
[EventRounds "9"]
[EventType "swiss"]
[EventDate "2016.05.14"]

1. e4 d5 2. exd5 Qxd5 3. Nc3 Qd6 4. d4 Nf6 5. Nf3 c6 6. Be2 Bg4 7. h3 Bh5 8.
O-O e6 9. Bg5 Nbd7 10. Bh4 Qc7 11. Bg3 Bd6 12. Bxd6 Qxd6 13. Re1 O-O 14. g4 Bg6
15. Nh4 Ne4 16. Nxg6 Nxc3 17. bxc3 hxg6 18. Rb1 Rab8 19. Rb3 Nf6 20. Kg2 Nd5
21. c4 Nf4+ 22. Kg1 Rfd8 23. c3 Nxh3+ 24. Kg2 Nf4+ 25. Kf3 Nxe2 26. Qxe2 c5 27.
Rd1 Qc6+ 28. Qe4 Qa6 29. Qe2 cxd4 30. cxd4 Qc6+ 31. Ke3 b6 32. f3 Rbc8 33. Rc3
Qd6 34. Qb2 g5 35. Qd2 Kf8 36. Ke2 Qf4 37. Qxf4 gxf4 38. g5 Ke7 39. Kd3 Rh8 40.
Ke4 Rh4 41. c5 f5+ 42. Ke5 g6 43. c6 Rhh8 44. c7 Rh2 45. a3 Re2+ 46. Kxf4 Kd6
47. Rdc1 Rd2 48. Rc4 b5 49. Rc6+ Kd7 50. Ke5 a5 51. R1c3 1-0

[Event "ODJM A 2016"]
[Site "Willingen GER"]
[Date "2016.05.16"]
[Round "3"]
[White "Udaykumar, Arunn Mark"]
[Black "Kast, Larissa"]
[Result "1-0"]
[Termination "normal"]
[Board "47"]
[WhiteElo "1724"]
[BlackElo "1567"]
[PlyCount "57"]
[WhiteFideId "12965456"]
[BlackFideId "24699055"]
[EventCountry "GER"]
[EventRounds "9"]
[EventType "swiss"]
[EventDate "2016.05.14"]

1. e4 e5 2. Nf3 Nc6 3. Bc4 Bc5 4. c3 Nf6 5. d4 exd4 6. cxd4 Bb4+ 7. Nc3 Nxe4 8.
O-O Bxc3 9. d5 Na5 10. Bd3 Nc5 11. bxc3 Nxd3 12. Qxd3 f6 13. d6 Nc6 14. Re1+
Kf8 15. dxc7 Qxc7 16. Ba3+ Kf7 17. Qd5+ Kg6 18. Bc1 Ne5 19. Nxe5+ fxe5 20. Rxe5
d6 21. Rg5+ Kf6 22. Qf3+ Ke6 23. Qf5+ Ke7 24. Rxg7+ Kd8 25. Bg5+ Ke8 26. Re1+
Be6 27. Qxe6+ Kf8 28. Qf6+ Qf7 29. Qxf7# 1-0

[Event "ODJM A 2016"]
[Site "Willingen GER"]
[Date "2016.05.16"]
[Round "3"]
[White "Wolf, Philipp"]
[Black "Wensing, Maximilian"]
[Result "0-1"]
[Termination "normal"]
[Board "48"]
[WhiteElo "1592"]
[BlackElo "1814"]
[PlyCount "126"]
[WhiteFideId "12958948"]
[BlackFideId "16222415"]
[EventCountry "GER"]
[EventRounds "9"]
[EventType "swiss"]
[EventDate "2016.05.14"]

1. e4 c5 2. Nf3 d6 3. d4 cxd4 4. Nxd4 Nf6 5. Nc3 a6 6. f3 e5 7. Nb3 Be6 8. Be3
Be7 9. Qd2 O-O 10. O-O-O a5 11. Bb5 Na6 12. Qf2 Nc7 13. Nc5 Qc8 14. N5a4 Nxb5
15. Nxb5 Qc6 16. Nbc3 b5 17. Nb6 b4 18. Ncd5 Rae8 19. g4 Bd8 20. Kb1 Bxb6 21.
Nxf6+ gxf6 22. Bxb6 d5 23. Bc5 dxe4 24. fxe4 Qxe4 25. Bxf8 Kxf8 26. Rhe1 Qg6
27. g5 fxg5 28. Qc5+ Kg8 29. Qxa5 b3 30. Ka1 bxc2 31. Rc1 f6 32. Re2 Rc8 33.
Qa4 Bf5 34. Qb3+ Kg7 35. Qb7+ Qf7 36. Qf3 Bg6 37. Rd2 h5 38. Qh3 Ra8 39. a3 g4
40. Qg2 Ra4 41. Rdxc2 Bxc2 42. Qxc2 Rd4 43. b4 Qd5 44. Qb1 Rd3 45. Qb2 Rb3 46.
Rc7+ Kf8 47. Qc1 Qd4+ 48. Ka2 Re3 49. Rc8+ Kg7 50. Qc7+ Kg6 51. Rg8+ Kf5 52.
Qh7+ Kf4 53. Qh6+ Ke4 54. Qg6+ f5 55. Qc6+ Kf4 56. Qh6+ Kf3 57. Qc6+ e4 58. Qc1
Qd5+ 59. Ka1 Qe5+ 60. Kb1 Qxh2 61. Qf1+ Qf2 62. Qd1+ Kg3 63. Qd6+ f4 0-1

[Event "ODJM A 2016"]
[Site "Willingen GER"]
[Date "2016.05.16"]
[Round "3"]
[White "Elier, Ali"]
[Black "Bilecen, Simon"]
[Result "1/2-1/2"]
[Termination "normal"]
[Board "49"]
[WhiteElo "1778"]
[BlackElo "1474"]
[PlyCount "41"]
[WhiteFideId "16217543"]
[BlackFideId "16225511"]
[EventCountry "GER"]
[EventRounds "9"]
[EventType "swiss"]
[EventDate "2016.05.14"]

1. e4 c5 2. Nf3 Nc6 3. d4 cxd4 4. c3 dxc3 5. Nxc3 e6 6. Bc4 Bc5 7. Bf4 a6 8.
O-O Nge7 9. Ne5 d6 10. Nd3 b5 11. Bb3 O-O 12. Nxc5 dxc5 13. Qh5 Ng6 14. Qxc5
Nxf4 15. Qxc6 Qg5 16. g3 Ra7 17. Kh1 b4 18. gxf4 Qxf4 19. Qb6 Qf3+ 20. Kg1 Qg4+
21. Kh1 1/2-1/2

[Event "ODJM A 2016"]
[Site "Willingen GER"]
[Date "2016.05.16"]
[Round "3"]
[White "Fischer, Maxi"]
[Black "Fuhrmann, Äke"]
[Result "0-1"]
[Termination "normal"]
[Board "50"]
[WhiteElo "1640"]
[BlackElo "1654"]
[PlyCount "68"]
[WhiteFideId "24692395"]
[BlackFideId "12983853"]
[EventCountry "GER"]
[EventRounds "9"]
[EventType "swiss"]
[EventDate "2016.05.14"]

1. e4 c5 2. Nf3 d6 3. d4 cxd4 4. Nxd4 Nf6 5. Nc3 g6 6. Be3 Bg7 7. f3 O-O 8. Qd2
Nc6 9. Bc4 Bd7 10. O-O-O Rb8 11. Bb3 Na5 12. g4 b5 13. g5 Nh5 14. f4 Nc4 15.
Bxc4 bxc4 16. Nce2 Qb6 17. c3 Qa5 18. Kb1 Rb7 19. Ng3 Rfb8 20. Rdf1 Qa3 21. Rf2
Rxb2+ 22. Qxb2 Rxb2+ 23. Rxb2 Qxc3 24. Rb8+ Bf8 25. Nc2 Ba4 26. Rc1 Bxc2+ 27.
Rxc2 Qxe3 28. Nxh5 Qxe4 29. Ng3 Qxf4 30. Rb5 h6 31. gxh6 Bxh6 32. Rb7 Qe3 33.
Rc7 Qe1+ 34. Kb2 Qb4+ 0-1

[Event "ODJM A 2016"]
[Site "Willingen GER"]
[Date "2016.05.16"]
[Round "3"]
[White "Marx, Inga"]
[Black "Buller, Ian Joshua"]
[Result "0-1"]
[Termination "normal"]
[Board "51"]
[WhiteElo "1759"]
[BlackElo "1424"]
[PlyCount "136"]
[WhiteFideId "4654749"]
[BlackFideId "12990655"]
[EventCountry "GER"]
[EventRounds "9"]
[EventType "swiss"]
[EventDate "2016.05.14"]

1. e4 c5 2. Nf3 Nc6 3. d4 cxd4 4. Nxd4 Nf6 5. Nc3 g6 6. Be3 Bg7 7. Be2 O-O 8.
O-O d5 9. exd5 Nxd5 10. Nxd5 Qxd5 11. Bf3 Qd7 12. Nxc6 bxc6 13. Qxd7 Bxd7 14.
Rad1 Rfd8 15. Rd2 Be8 16. Rfd1 Rxd2 17. Rxd2 Bxb2 18. a4 Bc1 19. Rd3 Bxe3 20.
fxe3 Kf8 21. a5 Rb8 22. Kf1 c5 23. Rd5 Rc8 24. Ke1 e6 25. Re5 Ke7 26. Bb7 Rc7
27. Ba6 Kd6 28. Re4 Bc6 29. Rh4 h5 30. g4 Bf3 31. g5 Bg4 32. h3 Bf3 33. Rf4 Bb7
34. Bc4 Ke7 35. e4 Rd7 36. c3 Rd6 37. Bb5 e5 38. Rf2 Bxe4 39. Re2 Bf5 40. h4 e4
41. Ba4 Ra6 42. Bc2 Rxa5 43. Bxe4 Bxe4 44. Rxe4+ Kf8 45. Kd2 Ra6 46. Kd3 Re6
47. Ra4 a6 48. Ra5 f5 49. gxf6 Rxf6 50. Rxc5 Ke7 51. Ra5 Kd7 52. c4 Kc7 53. Ke4
Kb6 54. Rg5 a5 55. c5+ Kc6 56. Ke5 Rf5+ 57. Rxf5 gxf5 58. Kxf5 a4 59. Kg5 a3
60. Kxh5 a2 61. Kg6 a1=Q 62. h5 Qh8 63. h6 Kxc5 64. h7 Kd5 65. Kh6 Ke6 66. Kg6
Ke5 67. Kh6 Kf5 68. Kh5 Qxh7# 0-1

[Event "ODJM A 2016"]
[Site "Willingen GER"]
[Date "2016.05.16"]
[Round "3"]
[White "Wolff, Marie Antoinette"]
[Black "Pahl, Theis"]
[Result "1-0"]
[Termination "normal"]
[Board "53"]
[WhiteElo "1786"]
[BlackElo "1583"]
[PlyCount "155"]
[WhiteFideId "12908258"]
[BlackFideId "16201264"]
[EventCountry "GER"]
[EventRounds "9"]
[EventType "swiss"]
[EventDate "2016.05.14"]

1. c4 Nf6 2. Nc3 g6 3. g3 Bg7 4. Bg2 O-O 5. e3 Nc6 6. Nge2 a6 7. O-O Rb8 8. a3
b5 9. cxb5 axb5 10. b4 Ne5 11. Nd4 c6 12. Nb3 d5 13. Na5 Qb6 14. a4 bxa4 15. d4
Neg4 16. Nxa4 Qb5 17. Qc2 Bd7 18. Nc5 Bf5 19. Qa4 Qxa4 20. Rxa4 Nd7 21. Nxc6
Nxc5 22. bxc5 Rb7 23. Bxd5 Rd7 24. e4 e6 25. exf5 exd5 26. fxg6 fxg6 27. h3 Nf6
28. Ne5 Rdd8 29. Be3 Ne4 30. Ra6 Nxc5 31. dxc5 Bxe5 32. Re6 Rfe8 33. Rxe8+ Rxe8
34. Rd1 d4 35. Bg5 Rc8 36. f4 Bg7 37. Be7 Kf7 38. Bd6 Bf6 39. Kf2 Ke6 40. Kf3
Kd5 41. Rd3 Re8 42. g4 h6 43. Ra3 Bh4 44. Be5 g5 45. c6 gxf4 46. Bxf4 Rf8 47.
c7 Bg5 48. Ra5+ Kc4 49. Rf5 Rc8 50. Bxg5 hxg5 51. Rf7 Kd5 52. Rg7 Rf8+ 53. Ke2
Re8+ 54. Kd2 Kd6 55. Kd3 Kc5 56. Rxg5+ Kc6 57. Kxd4 Kxc7 58. h4 Kd7 59. Re5 Rg8
60. Re4 Rg6 61. Ke3 Rf6 62. g5 Rg6 63. Kf4 Rg8 64. h5 Rh8 65. Kg4 Kd6 66. g6
Kd5 67. Rf4 Ke6 68. Kg5 Ke7 69. h6 Rc8 70. h7 Rc5+ 71. Rf5 Rc8 72. g7 Rc2 73.
g8=Q Rg2+ 74. Kh6 Rxg8 75. hxg8=Q Kd6 76. Qd5+ Ke7 77. Rf7+ Ke8 78. Qd7# 1-0

[Event "ODJM A 2016"]
[Site "Willingen GER"]
[Date "2016.05.16"]
[Round "3"]
[White "Brunner, Tobias"]
[Black "Cejda, Moritz"]
[Result "1-0"]
[Termination "normal"]
[Board "54"]
[WhiteElo "1762"]
[BlackElo "1655"]
[PlyCount "47"]
[WhiteFideId "12949833"]
[BlackFideId "12925152"]
[EventCountry "GER"]
[EventRounds "9"]
[EventType "swiss"]
[EventDate "2016.05.14"]

1. e4 e6 2. d4 d5 3. exd5 exd5 4. Bd3 Bd6 5. Ne2 Nf6 6. c3 O-O 7. h3 Nc6 8. Bg5
h6 9. Be3 Re8 10. Nd2 Bd7 11. Qc2 a5 12. g4 g5 13. O-O-O a4 14. Rdg1 Na5 15.
Bf5 Nc4 16. Nxc4 dxc4 17. h4 Nd5 18. hxg5 Nxe3 19. fxe3 Rxe3 20. Rxh6 Qxg5 21.
Rh5 Qe7 22. Bxd7 Qxd7 23. Qh7+ Kf8 24. Qh6+ 1-0

[Event "ODJM A 2016"]
[Site "Willingen GER"]
[Date "2016.05.16"]
[Round "3"]
[White "Frohnhäuser, Simon"]
[Black "Paskalev, Vasil"]
[Result "1/2-1/2"]
[Termination "normal"]
[Board "55"]
[WhiteElo "1559"]
[BlackElo "1591"]
[PlyCount "126"]
[WhiteFideId "16208528"]
[BlackFideId "16212355"]
[EventCountry "GER"]
[EventRounds "9"]
[EventType "swiss"]
[EventDate "2016.05.14"]

1. e4 e5 2. Nf3 Nc6 3. d4 exd4 4. Nxd4 Nf6 5. Nxc6 bxc6 6. e5 Qe7 7. Qe2 Nd5 8.
c4 Ba6 9. b3 g6 10. Bb2 Bg7 11. Nd2 Nf4 12. Qe4 Ne6 13. Be2 O-O 14. O-O Nc5 15.
Qe3 d6 16. Nf3 Rfe8 17. Bd4 Nd7 18. exd6 Qxe3 19. fxe3 cxd6 20. Rae1 Bh6 21. e4
Rxe4 22. Bd3 Re6 23. Be4 Bb7 24. Bd3 Rae8 25. Rxe6 fxe6 26. Re1 e5 27. Bf2 Nc5
28. Bxc5 dxc5 29. Rxe5 Be3+ 30. Kf1 Rxe5 31. Nxe5 Bf4 32. Nf3 Kf7 33. g3 Bc1
34. Ke2 Kf6 35. Be4 h6 36. Kd3 g5 37. g4 Bc8 38. h3 h5 39. gxh5 Bxh3 40. h6 Bf5
41. h7 Bxe4+ 42. Kxe4 Kg7 43. Kf5 Kxh7 44. Ne5 Kh6 45. Kg4 Kg7 46. Nxc6 Kf6 47.
Nxa7 Ba3 48. Nb5 Bb4 49. a3 Bd2 50. Nc7 Ke5 51. Nd5 Kd4 52. Kf3 Kd3 53. Kf2 Bc1
54. a4 Bd2 55. Nf6 Ba5 56. Nd7 Kd4 57. Ke2 Bb4 58. Kf3 Bd2 59. Kg4 Bb4 60. Kxg5
Kc3 61. a5 Bxa5 62. Nxc5 Bb4 63. Na6 Kxb3 1/2-1/2

[Event "ODJM A 2016"]
[Site "Willingen GER"]
[Date "2016.05.16"]
[Round "3"]
[White "Isler, Benjamin"]
[Black "Rupp, Andreas"]
[Result "1-0"]
[Termination "normal"]
[Board "56"]
[WhiteElo "1700"]
[BlackElo "1562"]
[PlyCount "34"]
[WhiteFideId "12975478"]
[BlackFideId "16225503"]
[EventCountry "GER"]
[EventRounds "9"]
[EventType "swiss"]
[EventDate "2016.05.14"]

1. e4 e5 2. Nf3 Nc6 3. Bc4 Bc5 4. c3 d6 5. a4 a5 6. d4 exd4 7. cxd4 Bb4+ 8. Nc3
Nge7 9. Ng5 d5 10. exd5 Nxd5 11. O-O Bxc3 12. bxc3 O-O 13. Qh5 h6 14. Nxf7 Rxf7
15. Bxd5 Qf6 16. Bxf7+ Qxf7 17. Qxf7+ Kxf7 1-0

[Event "ODJM A 2016"]
[Site "Willingen GER"]
[Date "2016.05.16"]
[Round "3"]
[White "Melde, Benjamin"]
[Black "Richter, Robert"]
[Result "1/2-1/2"]
[Termination "normal"]
[Board "57"]
[WhiteElo "1707"]
[BlackElo "1550"]
[PlyCount "52"]
[WhiteFideId "12958816"]
[BlackFideId "12978744"]
[EventCountry "GER"]
[EventRounds "9"]
[EventType "swiss"]
[EventDate "2016.05.14"]

1. e4 c5 2. Nf3 g6 3. d4 cxd4 4. Nxd4 Bg7 5. Be3 Nf6 6. Nc3 Nc6 7. f3 O-O 8.
Qd2 d5 9. O-O-O dxe4 10. Nxc6 Qxd2+ 11. Rxd2 bxc6 12. Nxe4 Be6 13. a3 Rab8 14.
Nc5 Nd5 15. Bd4 Bh6 16. Be5 Bxd2+ 17. Kxd2 Rbd8 18. Nxe6 fxe6 19. Kc1 Ne3 20.
Ba6 Rd5 21. Bc3 Rfd8 22. Bd3 c5 23. b3 Nxg2 24. Bc4 R5d6 25. Be5 Rc6 26. Bb5
Rcc8 1/2-1/2

[Event "ODJM A 2016"]
[Site "Willingen GER"]
[Date "2016.05.16"]
[Round "3"]
[White "Diegel, Jonas"]
[Black "Walow, Xenia"]
[Result "0-1"]
[Termination "normal"]
[Board "58"]
[WhiteElo "1678"]
[BlackElo "1575"]
[PlyCount "78"]
[WhiteFideId "16206061"]
[BlackFideId "12971839"]
[EventCountry "GER"]
[EventRounds "9"]
[EventType "swiss"]
[EventDate "2016.05.14"]

1. f4 d5 2. Nf3 Nf6 3. e3 Bf5 4. d4 e6 5. c3 Bd6 6. Bd3 Bg6 7. Qe2 Nbd7 8. O-O
Qe7 9. Nbd2 Ne4 10. a4 Ndf6 11. Ne5 Bh5 12. Ndf3 O-O-O 13. b4 Rdg8 14. Qc2 h6
15. b5 g5 16. a5 gxf4 17. exf4 Qf8 18. b6 Kb8 19. Qb2 Ka8 20. Ba6 Qc8 21. Bxb7+
Qxb7 22. c4 Bxe5 23. fxe5 Nd7 24. c5 Kb8 25. a6 Qc6 26. bxa7+ Kxa7 27. Qb7+
Qxb7 28. axb7+ Kxb7 29. Bxh6 Nb8 30. Be3 Kc6 31. Nd2 Nxd2 32. Bxd2 Kd7 33. Ra3
Nc6 34. Bc3 Rg4 35. Ra4 Rhg8 36. Rf2 R4g7 37. Ra1 Bg6 38. Rd1 Be4 39. Ra1 Rxg2+
0-1

[Event "ODJM A 2016"]
[Site "Willingen GER"]
[Date "2016.05.16"]
[Round "3"]
[White "Reck, Jessica"]
[Black "Schneider, Edward"]
[Result "1-0"]
[Termination "normal"]
[Board "59"]
[WhiteElo "1692"]
[BlackElo "1651"]
[PlyCount "81"]
[WhiteFideId "12917931"]
[BlackFideId "16200870"]
[EventCountry "GER"]
[EventRounds "9"]
[EventType "swiss"]
[EventDate "2016.05.14"]

1. d4 d5 2. Nf3 e6 3. c4 Nf6 4. g3 c5 5. cxd5 Nxd5 6. Bg2 Nc6 7. O-O Be7 8.
dxc5 Bxc5 9. Qc2 Qb6 10. a3 a5 11. Nc3 Nxc3 12. Qxc3 O-O 13. Bf4 f6 14. Rac1
Be7 15. Rfd1 e5 16. Qc4+ Kh8 17. Be3 Qa6 18. Qc2 Be6 19. Ne1 Rac8 20. Qd3 Qxd3
21. Nxd3 Bb3 22. Rd2 Bf7 23. Rdc2 Be8 24. Bb6 Ra8 25. Bc5 Bxc5 26. Nxc5 Nd4 27.
Rd2 Bc6 28. Bxc6 bxc6 29. Kg2 Rfd8 30. Rcd1 Rd5 31. Ne4 Kg8 32. e3 Nb3 33. Rxd5
cxd5 34. Rxd5 Kf7 35. Rb5 a4 36. Nc3 Nd2 37. Rb4 Ke6 38. Nxa4 g5 39. Nc5+ Kd5
40. Nb3 Nc4 41. e4+ 1-0

[Event "ODJM A 2016"]
[Site "Willingen GER"]
[Date "2016.05.16"]
[Round "3"]
[White "Lehmann, Tim"]
[Black "Hoppe, Nico"]
[Result "1-0"]
[Termination "normal"]
[Board "60"]
[WhiteElo "1613"]
[BlackElo "1459"]
[PlyCount "47"]
[WhiteFideId "12979171"]
[BlackFideId "16225520"]
[EventCountry "GER"]
[EventRounds "9"]
[EventType "swiss"]
[EventDate "2016.05.14"]

1. d4 Nf6 2. Nf3 g6 3. Bf4 Bg7 4. e3 O-O 5. Be2 d6 6. O-O Nbd7 7. c4 Nh5 8. Bg5
h6 9. Bh4 g5 10. Bg3 Nxg3 11. hxg3 e5 12. Nc3 f5 13. Qc2 f4 14. gxf4 exd4 15.
Nxd4 Nc5 16. fxg5 Qxg5 17. Nf3 Rxf3 18. Bxf3 Bh3 19. Nd5 Ne6 20. Rfe1 Rf8 21.
Qe2 Bd4 22. Red1 c5 23. exd4 Nf4 24. Nxf4 1-0